=LDR 00000nam 2200000 4500 =001 NUTBA000000000001441 =005 20140425161118.0 =006 =007 =008 =020 ##$$a 978-979-010-526-3 =035 ##$$a 0010-041400000000711 =082 ##$$a 371.3 =100 ##$$a wena, made =245 ##$$a strategi pembelajaran inovatif kontemporere =260 ##$$a jakarta $b bumi aksara $c 2009 =440 ##$$a strategi pembelajaran inovatif kontemporere =700 ##$$awena, made =990 ##$$a 21195214/BPAP-NTB/2014